000 00552nam a2200181Ia 4500
005 20250423095423.0
008 250422s9999 xx 000 0 und d
020 _a0415247829
050 _aHV 713 .M67/
100 _aMoss, Peter and Petrie, Pat
245 0 _aFrom Children’s Services to Children’s Spaces
260 _aLondon
260 _bRoutledge Falmer
260 _c2002
300 _a202 p
650 _a Child welfare. Child development. Children--Government policy. Children--Services for. Early childhood education.
942 _cBK
999 _c30222
_d30222